SYNTHESIS,CHARACTERIZATION AND BIOLOGICAL EVALUATION OF NEW BENZOXAZOLE AND IMIDAZOLE SCAFFOLD DERIVATIVES (Record no. 218987)

MARC details
000 -LEADER
fixed length control field 00365nam a2200109Ia 4500
008 - FIXED-LENGTH DATA ELEMENTS--GENERAL INFORMATION
fixed length control field 240129s9999 xx 000 0 und d
100 ## - MAIN ENTRY--PERSONAL NAME
Personal name KUMAR, T. KRANTHI
245 #0 - TITLE STATEMENT
Title SYNTHESIS,CHARACTERIZATION AND BIOLOGICAL EVALUATION OF NEW BENZOXAZOLE AND IMIDAZOLE SCAFFOLD DERIVATIVES
260 ## - PUBLICATION, DISTRIBUTION, ETC.
Name of publisher, distributor, etc. MEWAR UNIVERSITY, CHITTORGARH
Date of publication, distribution, etc. 2021
650 ## - SUBJECT ADDED ENTRY--TOPICAL TERM
Topical term or geographic name entry element Chemistry
942 ## - ADDED ENTRY ELEMENTS (KOHA)
Koha item type Ph. D Thesis
Holdings
Withdrawn status Lost status Damaged status Not for loan Home library Current library Shelving location Date acquired Total Checkouts Barcode Date last seen Price effective from Koha item type
        Mewar University Central Library Mewar University Central Library Basic Science 30/01/2024   TH0412 30/01/2024 30/01/2024 Ph. D Thesis